000 00978nam a2200241 a 4500
001 79710
003 BD-RjUL
005 20220418105012.0
008 220418s2002 bg a|||| m||| 00| 0 eng d
035 _a(BD-RjUL)79710
040 _aBD-RjUL
_beng
_cBD-RjUL
_dBD-RjUL
041 _aeng
082 _a332.1753
_bMAR 2022
_223
100 _aMajumder, Md. Humayun Kabir
_92513
245 0 1 _aThe Role of Grameen Bank As A Micro-Credit Institution :
_bA Critical Evaluation of Some Selected Areas in Rajshahi Zone /
_cMd. Humayun Kabir Majumder ;
_6Supervisor : Dilip Kumar Nath
260 _aRajshahi :
_bDepartment of Economics, University of Rajshahi,
_c2002
300 _axxx, 249 Leaves :
_billl, ;
_c29 cm.
502 _aThesis (Ph. D.) -- Department of Economics, University of Rajshahi, 2002
504 _aBibliography : Leaves [202]-215
650 _aFinancial economics
_vBanking services
_xCredit
_92515
700 _aNath, Dilip Kumar, Supervisor
_92514
942 _2ddc
_cTHE
999 _c79710
_d79710